Loading...
| Current Events | 2 | 25.00 | 100% | 100% | 50% |
| Fine Arts - Classical Music | 8 | 16.25 | 88% | 75% | 0% |
| Fine Arts - Other | 10 | 22.00 | 90% | 80% | 50% |
| Fine Arts - Painting and Sculpture | 6 | 16.67 | 100% | 50% | 17% |
| Geography | 2 | 15.00 | 100% | 50% | 0% |
| History - American | 5 | 22.00 | 100% | 100% | 20% |
| History - European | 6 | 20.00 | 100% | 83% | 17% |
| History - Other | 6 | 21.67 | 100% | 83% | 33% |
| History - World | 6 | 15.00 | 83% | 33% | 33% |
| Literature - American | 8 | 18.75 | 100% | 63% | 25% |
| Literature - British | 8 | 16.25 | 100% | 50% | 13% |
| Literature - European | 5 | 22.00 | 100% | 60% | 60% |
| Literature - World | 5 | 22.00 | 100% | 80% | 40% |
| Mythology | 8 | 17.50 | 100% | 25% | 50% |
| Other Academic | 3 | 13.33 | 100% | 33% | 0% |
| Philosophy | 5 | 24.00 | 100% | 80% | 60% |
| Pop Culture | 1 | 20.00 | 100% | 100% | 0% |
| Religion | 6 | 11.67 | 100% | 17% | 0% |
| Science - Biology | 6 | 10.00 | 100% | 0% | 0% |
| Science - Chemistry | 7 | 17.14 | 100% | 43% | 29% |
| Science - Other | 5 | 18.00 | 100% | 40% | 40% |
| Science - Physics | 6 | 10.00 | 67% | 33% | 0% |
| Social Science | 5 | 18.00 | 100% | 80% | 0% |